[Event "ICS rated blitz match"]
[Site "204.178.125.65"]
[Date "1999.11.06"]
[Round "?"]
[White "Hossa"]
[Black "readyink"]
[Result "1-0"]
[WhiteElo "2415"]
[BlackElo "2155"]
[PlyCount "213"]
[EventDate "1999.??.??"]

1. e4 c6 2. d4 d5 3. exd5 cxd5 4. c4 Nf6 5. Nc3 Nc6 6. Bg5 e6 7. Nf3 Be7 8. Be2
dxc4 9. Bxc4 O-O 10. O-O Nd5 11. Bxe7 Ncxe7 12. Qd3 b6 13. Qe4 Bb7 14. Ng5 g6
15. Bxd5 Nxd5 16. Qh4 h5 17. Rfc1 Nxc3 18. Rxc3 Qd5 19. Nf3 Rac8 20. Qe7 Rxc3
21. bxc3 Rc8 22. Rc1 Kg7 23. Kh1 Kg8 24. c4 Qc6 25. Qf6 Ba8 26. a3 Bb7 27. Qf4
Qe4 28. Qd6 Qc6 29. Qxc6 Rxc6 30. Kg1 f6 31. Nd2 Ba6 32. h4 Kf7 33. a4 Rc7 34.
f4 Ke7 35. Kf2 Rc8 36. Rc2 Rc7 37. Rb2 Rc8 38. Rb4 Kd6 39. Kg3 Ke7 40. Kf3 Rc7
41. g3 Rc8 42. Ke3 Rc7 43. Kd3 Rc8 44. Nb1 Rc7 45. Nc3 Rc8 46. Nb5 Bxb5 47.
axb5 Rc7 48. Ra4 Kf7 49. c5 Ke7 50. Ke4 Kd7 51. c6+ Kd6 52. Ra6 Re7 53. Ke3 Rc7
54. Kd3 Re7 55. Kc4 Rc7 56. Ra4 Re7 57. Ra2 Rc7 58. Ra3 Re7 59. Ra1 Rf7 60. Ra3
Rg7 61. Kd3 Kd5 62. Ra6 Rc7 63. Ra3 Rh7 64. Ra2 Rc7 65. Ra1 Re7 66. Ra4 Rc7 67.
Ke3 Rf7 68. Ke2 Rc7 69. Kd2 Ke4 70. Rc4 Kf3 71. Rc3+ Kg4 72. Kc2 Kf5 73. Kd3
Kg4 74. Ke2 Kf5 75. Kf3 e5 76. dxe5 fxe5 77. Rc4 exf4 78. gxf4 Ke6 79. Ke4 Kd6
80. Rc3 Ke6 81. Rc2 Kd6 82. Rd2+ Ke6 83. Rg2 Kf6 84. Kd5 Kf5 85. Kd6 Rg7 86.
Rc2 Rg8 87. c7 Kxf4 88. c8=Q Rxc8 89. Rxc8 g5 90. hxg5 Kxg5 91. Rh8 h4 92. Rxh4
Kxh4 93. Kc6 Kg5 94. Kb7 Kf5 95. Kxa7 Ke5 96. Kxb6 Kd6 97. Ka7 Kc5 98. b6 Kc6
99. b7 Kc5 100. b8=Q Kd5 101. Qf4 Ke6 102. Qg5 Kd6 103. Kb7 Ke6 104. Kc7 Kf7
105. Kd7 Kf8 106. Ke6 Ke8 107. Qg8# {readyink checkmated} 1-0

[Event "ICS rated blitz match"]
[Site "204.178.125.65"]
[Date "1999.11.06"]
[Round "?"]
[White "Hossa"]
[Black "Amateur"]
[Result "0-1"]
[WhiteElo "2421"]
[BlackElo "2511"]
[PlyCount "126"]
[EventDate "1999.??.??"]

1. e4 e5 2. Nf3 Nf6 3. Nxe5 d6 4. Nf3 Nxe4 5. d4 Nf6 6. Bd3 Be7 7. c4 Bg4 8.
O-O O-O 9. Be3 Nc6 10. Nc3 Qd7 11. d5 Ne5 12. Nxe5 dxe5 13. Qb3 b6 14. f4 exf4
15. Rxf4 Bd6 16. Rff1 Qe7 17. Rae1 Qe5 18. g3 Qh5 19. Nb5 Bh3 20. Rf2 Rae8 21.
Nxa7 Bc5 22. Bc2 Ng4 23. Bd1 Qg5 24. Bxg4 Bxe3 25. Rxe3 Rxe3 26. Bxh3 Rxb3 27.
axb3 Qe3 28. Nb5 Qxb3 29. Bf1 Rc8 30. d6 cxd6 31. Nxd6 Rd8 32. c5 bxc5 33. Nxf7
Rd1 34. Ng5 Rb1 35. Re2 Qa4 36. Rf2 h6 37. Ne6 Qc4 38. Nc7 Qe4 39. Nb5 Qb4 40.
Nd6 Kh7 41. Kg2 Rd1 42. Nf5 Rd2 43. Rxd2 Qxd2+ 44. Kh3 Qf2 45. Bd3 Qf3 46.
Nxg7+ Qxd3 47. Nh5 Qf1+ 48. Kh4 Qe2 49. b3 Qxh2+ 50. Kg4 Qe2+ 51. Kh4 Qe5 52.
Nf4 Qf5 53. Ng2 h5 54. Ne3 Qe4+ 55. Kxh5 Qxe3 56. Kg4 Qxb3 57. Kf4 c4 58. Kg4
c3 59. Kg5 c2 60. Kf6 Qd5 61. Ke7 c1=Q 62. g4 Kg7 63. Ke8 63... Qe1# {
Hossa checkmated} 0-1

[Event "ICS rated standard match"]
[Site "204.178.125.65"]
[Date "1999.11.06"]
[Round "?"]
[White "Hossa"]
[Black "FlyFischer"]
[Result "1-0"]
[WhiteElo "2245"]
[BlackElo "2066"]
[PlyCount "87"]
[EventDate "1999.??.??"]

1. e4 g6 2. d4 Bg7 3. Bc4 d6 4. Ne2 e6 5. O-O Ne7 6. c3 b6 7. Bg5 Bb7 8. Nd2
O-O 9. Re1 c5 10. dxc5 bxc5 11. Qb3 Qc7 12. Rad1 d5 13. exd5 Nxd5 14. Ne4 Nd7
15. Bd3 N5f6 16. Qb5 Nxe4 17. Bxe4 Bxe4 18. Qxd7 Qb6 19. b3 Bc6 20. Qd2 f6 21.
Bh6 Rad8 22. Qe3 e5 23. Bxg7 Kxg7 24. Kh1 Rf7 25. Nc1 Rfd7 26. Rxd7+ Rxd7 27.
Nd3 c4 28. Nc5 cxb3 29. Nxd7 Qxe3 30. fxe3 Bxd7 31. axb3 Bb5 32. Ra1 a6 33. c4
Bc6 34. Rxa6 Be4 35. Ra7+ Kh6 36. b4 f5 37. b5 Bd3 38. b6 Bxc4 39. b7 f4 40.
b8=Q fxe3 41. Qxe5 e2 42. Qg7+ Kh5 43. Ra5+ Kg4 44. Qd4# {FlyFischer checkmated
} 1-0

[Event "ICS rated bullet match"]
[Site "204.178.125.65"]
[Date "1999.11.06"]
[Round "?"]
[White "Hossa"]
[Black "NonWimp"]
[Result "0-1"]
[WhiteElo "2413"]
[BlackElo "2661"]
[PlyCount "98"]
[EventDate "1999.??.??"]

1. e4 d5 2. exd5 Qxd5 3. Nc3 Qe6+ 4. Be2 Qg6 5. Bf3 e5 6. Nge2 Nc6 7. Nb5 Bd6
8. O-O Nf6 9. d4 O-O 10. Nxd6 cxd6 11. d5 Nb4 12. c4 Nc2 13. Rb1 Nd4 14. Nxd4
Qxb1 15. Nb5 Ne8 16. Qb3 Qg6 17. Re1 Bg4 18. Bxg4 Qxg4 19. c5 dxc5 20. Rxe5 a6
21. f3 Qh4 22. Re4 Qd8 23. Nc3 Nd6 24. Re2 Re8 25. Bf4 Rxe2 26. Nxe2 Qe7 27.
Bxd6 Qxd6 28. Ng3 Rd8 29. Nf5 Qe5 30. g4 b5 31. d6 g6 32. Nh6+ Kg7 33. Nxf7
Qe1+ 34. Kg2 c4 35. Qa3 Kxf7 36. Qxa6 Qe2+ 37. Kg3 Qe5+ 38. Kh3 h5 39. gxh5
Qxh5+ 40. Kg2 Qg5+ 41. Kf2 Qd2+ 42. Kg1 Rxd6 43. Qa3 Qe1+ 44. Kg2 Rd2+ 45. Kh3
Qf1+ 46. Kh4 Rxh2+ 47. Kg5 Qg1+ 48. Kf4 Rh4+ 49. Ke5 49... Qd4# {
Hossa checkmated} 0-1

[Event "ICS rated standard match"]
[Site "204.178.125.65"]
[Date "1999.11.06"]
[Round "?"]
[White "janh"]
[Black "Hossa"]
[Result "0-1"]
[WhiteElo "2105"]
[BlackElo "2248"]
[PlyCount "34"]
[EventDate "1999.??.??"]

1. d4 Nf6 2. c4 c5 3. d5 g6 4. Nc3 d6 5. e4 Bg7 6. f4 O-O 7. Nf3 Bg4 8. Be2
Nbd7 9. O-O Rc8 10. Be3 Qb6 11. Qc2 e6 12. Bd3 exd5 13. cxd5 Bxf3 14. Rxf3 Ng4
15. Na4 Qb4 16. Rc1 Nxe3 17. Rxe3 17... Bd4 {janh resigns} 0-1

[Event "ICS Rated standard match"]
[Site "204.178.125.65"]
[Date "1999.11.06"]
[Round "?"]
[White "Hossa"]
[Black "guero"]
[Result "1-0"]
[WhiteElo "2258"]
[BlackElo "2053"]
[PlyCount "59"]
[EventDate "1999.??.??"]

1. e4 c5 2. Nf3 e6 3. Nc3 a6 4. d4 cxd4 5. Nxd4 Qc7 6. a3 Nf6 7. Bg5 Be7 8. Be2
O-O 9. Nf3 h6 10. Bh4 d6 11. O-O Nc6 12. Qd2 Ne5 13. Qd4 Ng6 14. Bg3 e5 15. Qd3
Be6 16. Rfe1 Rac8 17. Rac1 Nf4 18. Bxf4 exf4 19. Nd5 Bxd5 20. exd5 Rfe8 21. c4
Qd7 22. Qd4 g5 23. h4 Qg4 24. Nxg5 Qxh4 25. Nf3 Qg4 26. Rcd1 Bd8 27. Bd3 Be7
28. Rxe7 Rxe7 29. Qxf6 Rce8 30. b4 {guero resigns} 1-0

[Event "ICS rated blitz match"]
[Site "204.178.125.65"]
[Date "1999.11.06"]
[Round "?"]
[White "GaryG"]
[Black "Hossa"]
[Result "1-0"]
[WhiteElo "2602"]
[BlackElo "2409"]
[PlyCount "96"]
[EventDate "1999.??.??"]

1. d4 Nf6 2. c4 c5 3. d5 g6 4. Nc3 d6 5. e4 Bg7 6. f4 O-O 7. Be2 b6 8. Nf3 Bg4
9. O-O Na6 10. Be3 Bh6 11. Re1 Re8 12. e5 Nh5 13. Qd2 Bg7 14. Ng5 Qc8 15. e6 f5
16. Bxg4 fxg4 17. a3 Nc7 18. Nf7 Nxe6 19. dxe6 Qxe6 20. Ng5 Qxc4 21. Rac1 Bf6
22. Nd5 Qb3 23. Nc7 Rac8 24. Nxe8 Rxe8 25. Ne4 Qxb2 26. Qd3 Qa2 27. Rc4 Bd4 28.
Bxd4 Nxf4 29. Qc2 Qxc2 30. Rxc2 cxd4 31. Nf6+ exf6 32. Rxe8+ Kf7 33. Re1 g5 34.
Rc7+ Kg6 35. Rxa7 d3 36. Rd1 Kf5 37. Rxh7 Ke4 38. Kf2 Nd5 39. Rd7 Nc3 40. Re1+
Kd5 41. Ke3 Ne4 42. Re7 f5 43. Kxd3 g3 44. hxg3 Nxg3 45. Rf7 Kc6 46. Kd4 b5 47.
Rc1+ Kb6 48. Kd5 48... b4 {Hossa resigns} 1-0

[Event "ICS rated blitz match"]
[Site "204.178.125.65"]
[Date "1999.11.06"]
[Round "?"]
[White "Hossa"]
[Black "Amateur"]
[Result "1-0"]
[WhiteElo "2406"]
[BlackElo "2509"]
[PlyCount "159"]
[EventDate "1999.??.??"]

1. d4 Nf6 2. c4 e6 3. Nc3 d5 4. Bg5 Bb4 5. e3 h6 6. Bxf6 Qxf6 7. a3 Bxc3+ 8.
bxc3 O-O 9. Nf3 Qg6 10. cxd5 exd5 11. Ne5 Qg5 12. Be2 Qxg2 13. Bf3 Qg5 14. Bxd5
Nd7 15. h4 Qe7 16. Ng6 Qd6 17. Nf4 Nf6 18. Bf3 Re8 19. O-O Rb8 20. Qa4 a6 21.
Qb4 Qd8 22. Qc5 Ne4 23. Bxe4 Rxe4 24. Qh5 Bd7 25. Rfe1 Qf6 26. f3 Ree8 27. Nd3
Qd6 28. Ne5 Re7 29. e4 Bh3 30. f4 Qb6 31. Rab1 Qd6 32. Re3 Be6 33. Rg3 Kf8 34.
a4 a5 35. Kh1 Ba2 36. Rbg1 Qf6 37. Rxg7 Qxg7 38. Rxg7 Kxg7 39. f5 Ree8 40. f6+
Kxf6 41. c4 Rxe5 42. Qxe5+ Kg6 43. Qxc7 Re8 44. h5+ Kg7 45. Qxb7 Kf8 46. c5 Bc4
47. Kh2 Kg7 48. Qb2 Bd3 49. e5 Be4 50. Qf2 Re6 51. Qe1 Bc2 52. d5 Re8 53. e6
fxe6 54. Qc3+ Kf8 55. Qxc2 exd5 56. c6 d4 57. c7 Ke7 58. Qe2+ Kd7 59. Qxe8+
Kxe8 60. c8=Q+ Ke7 61. Qc5+ Ke6 62. Qxa5 Kd6 63. Qb6+ Kd5 64. Qxd4+ Kxd4 65. a5
Kc5 66. Kg3 Kb5 67. Kf4 Kxa5 68. Kf5 Kb5 69. Kg6 Kc5 70. Kxh6 Kd5 71. Kg6 Ke5
72. h6 Ke4 73. h7 Ke5 74. h8=Q+ Ke4 75. Qd8 Ke5 76. Qd3 Ke6 77. Qd4 Ke7 78. Qd5
Ke8 79. Kf6 Kf8 80. Qd8# {Amateur checkmated} 1-0

[Event "ICS rated blitz match"]
[Site "204.178.125.65"]
[Date "1999.11.06"]
[Round "?"]
[White "FallenAngel"]
[Black "Hossa"]
[Result "1-0"]
[WhiteElo "2749"]
[BlackElo "2427"]
[PlyCount "142"]
[EventDate "1999.??.??"]

1. e4 e5 2. Nf3 Nf6 3. d4 Nxe4 4. Bd3 d5 5. Nxe5 Nd7 6. Nxd7 Bxd7 7. O-O Qh4 8.
c4 O-O-O 9. c5 Re8 10. Nc3 Nf6 11. a4 Be6 12. Bc2 Kb8 13. a5 a6 14. b4 Ng4 15.
Bf4 Nf6 16. Qd2 Be7 17. Bg3 Qh6 18. Qxh6 gxh6 19. b5 Nh5 20. bxa6 Nxg3 21. fxg3
bxa6 22. Ba4 Ref8 23. Bc6 Bg5 24. Rab1+ Kc8 25. Nxd5 Rd8 26. Bb7+ Kd7 27. Nb4
Be3+ 28. Kh1 Bc4 29. Rf3 Bd2 30. Nc6 Rde8 31. Ne5+ Rxe5 32. dxe5 Ke7 33. Rf6
Rb8 34. Be4 Rxb1+ 35. Bxb1 h5 36. Bxh7 Bxa5 37. Rf4 Be6 38. Ra4 Bc3 39. Rxa6
Bd4 40. Ra5 Bxe5 41. Be4 Bc3 42. Ra4 f5 43. Bf3 Bf7 44. Kg1 Be8 45. Rc4 Be5 46.
Kf2 Bf6 47. Rb4 Bc3 48. Rf4 Kf6 49. Ke2 Kg5 50. Kd3 Be1 51. Bd5 Bb5+ 52. Kd4
Kf6 53. Be4 Bd7 54. Rf1 Bd2 55. Bf3 Be8 56. Be2 Kg6 57. Bd3 Bd7 58. c6 Be6 59.
Ke5 Bb3 60. Bxf5+ Kg5 61. Rf3 Ba4 62. Be4 Kh6 63. Ke6 Bd1 64. Rf6+ Kg7 65. Rf7+
Kg8 66. Rxc7 Bg4+ 67. Bf5 Be2 68. Kf6 Bc3+ 69. Kg6 Ba6 70. Ra7 Kf8 71. Rf7+
71... Kg8 {Hossa resigns} 1-0

[Event "ICS rated blitz match"]
[Site "204.178.125.65"]
[Date "1999.11.06"]
[Round "?"]
[White "Hossa"]
[Black "FallenAngel"]
[Result "0-1"]
[WhiteElo "2423"]
[BlackElo "2753"]
[PlyCount "91"]
[EventDate "1999.??.??"]

1. d4 d5 2. Nf3 c5 3. dxc5 Nf6 4. c4 e6 5. b4 b6 6. cxd5 bxc5 7. bxc5 Bxc5 8.
Nc3 Nxd5 9. Nxd5 exd5 10. Bf4 O-O 11. Rc1 Bb4+ 12. Nd2 Bf5 13. Rc7 Na6 14. Rb7
Qc8 15. Rb5 Qc3 16. e3 Rfe8 17. Rxd5 Be4 18. Rd4 Bc2 19. Rc4 Qxc4 20. Bxc4 Bxd1
21. Kxd1 Rad8 22. Kc2 Rxd2+ 23. Kb3 Rxf2 24. Bxa6 Bc5 25. Rd1 g5 26. Bxg5 Bxe3
27. Rd5 Rxg2 28. Bb5 Re6 29. Bd8 Rxh2 30. a3 Bf4 31. Ba5 Rh3+ 32. Ka2 Ree3 33.
a4 Reg3 34. Bf1 Rh2+ 35. Ka1 Rh1 36. Rd8+ Kg7 37. Rd1 Rf3 38. Be2 Rxd1+ 39.
Bxd1 Rf1 40. Kb2 Rxd1 41. Bc3+ Kg6 42. Bb4 h5 43. Kc2 Rc1+ 44. Kb2 h4 45. Ka3
h3 46. Ba5 {Hossa resigns} 0-1

[Event "ICS rated blitz match"]
[Site "204.178.125.65"]
[Date "1999.11.06"]
[Round "?"]
[White "FallenAngel"]
[Black "Hossa"]
[Result "1-0"]
[WhiteElo "2757"]
[BlackElo "2419"]
[PlyCount "124"]
[EventDate "1999.??.??"]

1. d4 d5 2. Nf3 c5 3. dxc5 Nf6 4. c4 e6 5. cxd5 Bxc5 6. Nc3 exd5 7. e3 Nc6 8.
Be2 O-O 9. O-O Be6 10. a3 Rc8 11. b4 Bb6 12. Na4 Ne4 13. Nxb6 Nc3 14. Qd3 Nxe2+
15. Qxe2 Qxb6 16. Bb2 Bf5 17. Rac1 Rfe8 18. Rfd1 Be6 19. Ng5 Qd8 20. Qh5 h6 21.
Nxe6 fxe6 22. e4 Qd7 23. exd5 exd5 24. Rxd5 Qe6 25. Qd1 Rcd8 26. Rxd8 Rxd8 27.
Qc2 a6 28. h3 Rd7 29. Kf1 Re7 30. Qc4 Qxc4+ 31. Rxc4 g6 32. f3 Re3 33. Bc3 h5
34. a4 Re6 35. Kf2 Kf7 36. g4 hxg4 37. fxg4 g5 38. b5 axb5 39. axb5 Ne7 40. Rc5
Rh6 41. Kg2 Rg6 42. Bd2 Kf6 43. b6 Rg8 44. Kf3 Rg6 45. Rc7 Nd5 46. Rxb7 Rg8 47.
Ra7 Rf8 48. b7 Rb8 49. Be1 Kg6 50. Bg3 Rf8+ 51. Ke2 Re8+ 52. Kd3 Nb4+ 53. Kc4
Re4+ 54. Kb5 Nc2 55. Kc5 Re8 56. Ra8 Re3 57. b8=Q Rc3+ 58. Kd6 Rd3+ 59. Ke7 Rd8
60. Qxd8 Nb4 61. Qd6+ Kh7 62. Kf7 62... Na6 {Hossa resigns} 1-0

[Event "ICS rated standard match"]
[Site "204.178.125.65"]
[Date "1999.11.06"]
[Round "?"]
[White "Hossa"]
[Black "ECI"]
[Result "0-1"]
[WhiteElo "2291"]
[BlackElo "2359"]
[PlyCount "77"]
[EventDate "1999.??.??"]

1. e4 e5 2. Nf3 Nf6 3. d4 Nxe4 4. Bd3 d5 5. Nxe5 Nd7 6. Nxd7 Bxd7 7. O-O Qf6 8.
Be3 Bd6 9. Re1 O-O 10. c4 Qh4 11. g3 Nxg3 12. hxg3 Bxg3 13. Qf3 Bh2+ 14. Kh1
Rae8 15. Qg2 Be5+ 16. Kg1 Bxd4 17. Nd2 Bxe3 18. fxe3 Bh3 19. Qh2 dxc4 20. Nxc4
b5 21. Na5 Re5 22. Re2 Rg5+ 23. Kh1 Rh5 24. Rg1 Rd8 25. Qg3 Qxg3 26. Rxg3 Rxd3
27. Re1 Bf5+ 28. Kg1 Be4 29. Nb3 a5 30. Rg4 f5 31. Rxe4 fxe4 32. Nxa5 Rd2 33.
b4 Rxa2 34. Nc6 Rhh2 35. Nd4 h5 36. Ne6 h4 37. Nf4 g5 38. Rc1 gxf4 39. Rxc7 {
Hossa resigns} 0-1

[Event "ICS rated standard match"]
[Site "204.178.125.65"]
[Date "1999.11.06"]
[Round "?"]
[White "KevinInIndy"]
[Black "Hossa"]
[Result "0-1"]
[WhiteElo "2079"]
[BlackElo "2278"]
[PlyCount "38"]
[EventDate "1999.??.??"]

1. d4 Nf6 2. c4 e6 3. Nc3 d5 4. Bg5 Be7 5. Nf3 O-O 6. e3 b6 7. Rc1 Ba6 8. Nd2
c5 9. dxc5 bxc5 10. Qf3 Nbd7 11. cxd5 Bxf1 12. Nxf1 Ne5 13. Qe2 c4 14. Rd1 Nd3+
15. Rxd3 cxd3 16. Qxd3 Nxd5 17. Bxe7 Nxe7 18. Qe4 Rb8 19. b3 19... Qa5 {
KevinInIndy resigns} 0-1

[Event "ICS rated blitz match"]
[Site "204.178.125.65"]
[Date "1999.11.06"]
[Round "?"]
[White "izirom"]
[Black "Hossa"]
[Result "0-1"]
[WhiteElo "2058"]
[BlackElo "2419"]
[PlyCount "86"]
[EventDate "1999.??.??"]

1. e4 e5 2. Nf3 Nf6 3. Nxe5 d6 4. Nf3 Nxe4 5. d4 Nf6 6. Bd3 Be7 7. O-O Nc6 8.
h3 O-O 9. c4 Nb4 10. Be2 Bf5 11. Na3 d5 12. c5 b6 13. cxb6 axb6 14. Bd2 Ne4 15.
Bxb4 Bxb4 16. Nc2 Ba5 17. a3 c5 18. Bd3 c4 19. Be2 Qd6 20. Ne3 Be6 21. Rc1 b5
22. Qc2 Qf4 23. Rcd1 b4 24. axb4 Bxb4 25. Ra1 Rfe8 26. Ra4 Reb8 27. Rfa1 Rxa4
28. Qxa4 Bd6 29. Qc2 Be7 30. Ra7 Bb4 31. Ra1 c3 32. bxc3 Bxc3 33. Rb1 Rxb1+ 34.
Qxb1 g6 35. Qd3 Qf6 36. Qd1 Bb2 37. Bd3 Bxd4 38. Bxe4 Bxe3 39. Bxd5 Bxd5 40.
Qxd5 Qa1+ 41. Kh2 Bxf2 42. Qd8+ Kg7 43. Ng5 43... Qg1# {izirom checkmated} 0-1

[Event "ICS rated blitz match"]
[Site "204.178.125.65"]
[Date "1999.11.06"]
[Round "?"]
[White "Hossa"]
[Black "izirom"]
[Result "0-1"]
[WhiteElo "2423"]
[BlackElo "2054"]
[PlyCount "118"]
[EventDate "1999.??.??"]

1. d4 Nf6 2. c4 c5 3. d5 e6 4. Nc3 exd5 5. cxd5 d6 6. Nf3 g6 7. e4 Bg7 8. Bb5+
Nfd7 9. Bf4 Qc7 10. O-O a6 11. Bd3 b5 12. Bxb5 axb5 13. Nxb5 Qd8 14. Nxd6+ Kf8
15. Ng5 Ne5 16. Bxe5 Bxe5 17. Ngxf7 Qd7 18. Nxe5 Qxd6 19. Qf3+ Ke8 20. Qf7+ Kd8
21. Qg7 Qf8 22. Qxh8 Qxh8 23. Nf7+ Ke7 24. Nxh8 Ba6 25. Rfc1 Nd7 26. b4 cxb4
27. Rc6 Bb5 28. Nxg6+ hxg6 29. Rxg6 b3 30. a3 b2 31. Rb1 Rxa3 32. g4 Ra1 33.
Kg2 Rxb1 34. Rg5 Rg1+ 35. Kxg1 b1=Q+ 36. Kg2 Qxe4+ 37. Kg1 Ne5 38. Rxe5+ Qxe5
39. Kg2 Qxd5+ 40. Kg3 Bc6 41. Kh4 Qg2 42. Kg5 Qxh2 43. Kg6 Qf4 44. g5 Qxf2 45.
Kh5 Kf7 46. g6+ Kg7 47. Kg5 Qf6+ 48. Kg4 Kxg6 49. Kg3 Qf3+ 50. Kh4 Qf6+ 51. Kg3
Kf7 52. Kg4 Be8 53. Kg3 Qf5 54. Kh4 Qg6 55. Kh3 Kf6 56. Kh4 Kf5 57. Kh3 Kf4 58.
Kh2 Kf3 59. Kh3 59... Qg3# {Hossa checkmated} 0-1

[Event "ICS rated blitz match"]
[Site "204.178.125.65"]
[Date "1999.11.06"]
[Round "?"]
[White "marabu"]
[Black "Hossa"]
[Result "0-1"]
[WhiteElo "2269"]
[BlackElo "2394"]
[PlyCount "102"]
[EventDate "1999.??.??"]

1. c3 c6 2. d4 d5 3. g3 Nf6 4. Bg2 Bf5 5. Nf3 e6 6. O-O Bd6 7. Nbd2 O-O 8. Re1
c5 9. e3 Nc6 10. Nb3 cxd4 11. exd4 Qb6 12. Bg5 Ne4 13. Be3 Bg4 14. h3 Bh5 15.
Qd3 Bg6 16. Qe2 Be7 17. Ne5 Nxe5 18. dxe5 Qc7 19. Bd4 Rfc8 20. Nd2 Nc5 21. Nb3
Qc6 22. Nxc5 Bxc5 23. Rad1 Qb6 24. Kh2 Bxd4 25. Rxd4 Rc7 26. Red1 Rac8 27. R1d2
Bb1 28. a3 Qb3 29. Rb4 Qa2 30. Bf1 Be4 31. f3 Bg6 32. Qd1 b6 33. g4 Rf8 34. h4
f6 35. h5 Be8 36. exf6 Rxf6 37. Be2 Rcf7 38. Qc2 e5 39. Kg3 a5 40. Qb3 Qxb3 41.
Rxb3 Ba4 42. Rb5 Bxb5 43. Bxb5 Rxf3+ 44. Kh4 e4 45. Rxd5 Rc7 46. Re5 Rc5 47.
Rxe4 Rxb5 48. b4 Rxc3 49. bxa5 bxa5 50. h6 g5+ 51. Kh5 51... Rh3# {
marabu checkmated} 0-1

[Event "ICS rated blitz match"]
[Site "204.178.125.65"]
[Date "1999.11.06"]
[Round "?"]
[White "Hossa"]
[Black "marabu"]
[Result "1-0"]
[WhiteElo "2404"]
[BlackElo "2259"]
[PlyCount "139"]
[EventDate "1999.??.??"]

1. d4 Nf6 2. c4 d6 3. Nc3 g6 4. e4 Bg7 5. g3 O-O 6. Bg2 Nc6 7. Nf3 e5 8. d5 Ne7
9. O-O Nh5 10. Ng5 h6 11. Nh3 Kh7 12. f4 exf4 13. Nxf4 Nxf4 14. Rxf4 g5 15. Rf2
Ng6 16. Be3 Qe7 17. Bd4 Ne5 18. Nb5 a6 19. Na3 Bg4 20. Qb3 b6 21. Nc2 a5 22.
Ne3 Bd7 23. Qc3 Rg8 24. Nf5 Bxf5 25. Rxf5 Nd7 26. Raf1 Raf8 27. Qd2 Bxd4+ 28.
Qxd4 Ne5 29. Bf3 g4 30. Bg2 Rg5 31. R5f2 f6 32. a3 Kg6 33. b4 axb4 34. axb4 Kg7
35. Rf4 Rg6 36. Ra1 h5 37. Kh1 h4 38. Ra7 hxg3 39. hxg3 Rf7 40. Ra3 Qd8 41. Kg1
Qh8 42. c5 bxc5 43. bxc5 Qb8 44. cxd6 cxd6 45. Rf5 Qb1+ 46. Rf1 Qb7 47. Qf2 Qb4
48. Ra8 Nd3 49. Qe3 Qc5 50. Qxc5 Nxc5 51. Rd8 f5 52. exf5 Rgf6 53. Rf4 Rxf5 54.
Rxg4+ Kf6 55. Rxd6+ Ke5 56. Rc6 R7f6 57. Rxc5 Rf4 58. d6+ Kxd6 59. Rxf4 Rxf4
60. gxf4 Kxc5 61. Kh2 Kd6 62. Kh3 Ke6 63. Kg4 Kf6 64. f5 Kg7 65. Kg5 Kf7 66. f6
Ke6 67. Kg6 Ke5 68. f7 Kd4 69. f8=Q Ke5 70. Qf6# {marabu checkmated} 1-0

[Event "ICS rated standard match"]
[Site "204.178.125.65"]
[Date "1999.11.06"]
[Round "?"]
[White "Hossa"]
[Black "PackMaster"]
[Result "0-1"]
[WhiteElo "2280"]
[BlackElo "2412"]
[PlyCount "99"]
[EventDate "1999.??.??"]

1. d4 Nf6 2. c4 e6 3. Nc3 Bb4 4. e3 c5 5. Bd3 Nc6 6. Nge2 cxd4 7. exd4 d5 8.
cxd5 Nxd5 9. a3 Bd6 10. O-O O-O 11. Be3 Qh4 12. h3 Nxe3 13. fxe3 Rd8 14. Qe1
Qxe1 15. Raxe1 Be7 16. Rf3 Bd7 17. Ref1 Be8 18. Bb5 Rac8 19. Ba4 Rc7 20. b4 b6
21. Bxc6 Rxc6 22. Kh2 Rc4 23. g3 a5 24. bxa5 bxa5 25. Ra1 Rb8 26. e4 Rb3 27.
Rb1 Rxa3 28. Rb8 Kf8 29. Kg2 a4 30. Ra8 Bb4 31. Nb5 Ra2 32. Rf2 Ke7 33. Ra7+
Kd8 34. Ra8+ Rc8 35. Rxc8+ Kxc8 36. Nbc3 Rc2 37. Rf3 a3 38. g4 Bb5 39. Nxb5 a2
40. Na7+ Kd7 41. Rf1 Rxe2+ 42. Kf3 Re1 43. Rxe1 Bxe1 44. Ke2 a1=Q 45. Nb5 Qc1
46. e5 Qd2+ 47. Kf3 Qf2+ 48. Ke4 Qe2+ 49. Kf4 Bd2+ 50. Kg3 {Hossa resigns} 0-1

[Event "ICS rated blitz match"]
[Site "204.178.125.65"]
[Date "1999.11.06"]
[Round "?"]
[White "Hossa"]
[Black "Tapalque"]
[Result "1-0"]
[WhiteElo "2421"]
[BlackElo "2408"]
[PlyCount "61"]
[EventDate "1999.??.??"]

1. d4 Nf6 2. c4 g6 3. Nc3 d5 4. Bf4 Bg7 5. e3 O-O 6. cxd5 Nxd5 7. Nxd5 Qxd5 8.
Bxc7 Nc6 9. b3 Bf5 10. Nf3 Rac8 11. Bc4 Qd7 12. Bg3 Bg4 13. O-O a6 14. Rc1 b5
15. Be2 h6 16. a4 Rfd8 17. axb5 axb5 18. Bxb5 Qb7 19. Bxc6 Rxc6 20. Rxc6 Qxc6
21. Ne5 Bxd1 22. Nxc6 Re8 23. Rxd1 e6 24. Ra1 Bf6 25. b4 Kg7 26. b5 Rc8 27. Ra7
g5 28. Be5 Bxe5 29. dxe5 Kg6 30. Ne7+ Kg7 31. Nxc8 {Tapalque resigns} 1-0

[Event "ICS rated standard match"]
[Site "204.178.125.65"]
[Date "1999.11.06"]
[Round "?"]
[White "Hossa"]
[Black "E2-Ebeer"]
[Result "1-0"]
[WhiteElo "2270"]
[BlackElo "2327"]
[PlyCount "75"]
[EventDate "1999.??.??"]

1. d4 Nf6 2. c4 c5 3. d5 b5 4. cxb5 a6 5. bxa6 Bxa6 6. Nc3 g6 7. Nf3 d6 8. Bg5
Bg7 9. e3 Bxf1 10. Rxf1 O-O 11. Nd2 Nbd7 12. e4 Ra6 13. f4 Qa8 14. Nc4 Nb6 15.
Nxb6 Rxb6 16. Rf2 e6 17. Kf1 exd5 18. Bxf6 Bxf6 19. Nxd5 Qa6+ 20. Qe2 Bd4 21.
Nxb6 Qxb6 22. Rf3 Re8 23. Rb3 Qc6 24. Re1 f5 25. Qc4+ Kh8 26. Qf7 Rg8 27. Rb7
Bg7 28. exf5 gxf5 29. Rd7 Qb5+ 30. Re2 Qd3 31. Qb3 Qd4 32. g3 c4 33. Qf3 Qd1+
34. Kg2 Qd4 35. Kh3 Bf6 36. Qh5 Bg7 37. Qxf5 Qd3 38. Qxd3 {E2-Ebeer resigns}
1-0

[Event "ICS rated blitz match"]
[Site "204.178.125.65"]
[Date "1999.11.06"]
[Round "?"]
[White "Hossa"]
[Black "GaryG"]
[Result "1-0"]
[WhiteElo "2439"]
[BlackElo "2643"]
[PlyCount "194"]
[EventDate "1999.??.??"]

1. d4 Nf6 2. c4 e6 3. g3 d5 4. cxd5 exd5 5. Nc3 Ne4 6. a3 Nxc3 7. bxc3 Be7 8.
Bg2 O-O 9. Bf4 Re8 10. a4 c6 11. Nf3 Nd7 12. O-O b6 13. Re1 Bf6 14. Nd2 Nf8 15.
e4 Ne6 16. Be3 Bb7 17. Qh5 Rc8 18. Rab1 Qd7 19. Bh3 Rcd8 20. Bf1 c5 21. Bb5 Bc6
22. exd5 Qxd5 23. Qxd5 Bxd5 24. Bxe8 cxd4 25. Bxd4 Bxd4 26. cxd4 Rxe8 27. Re5
Rd8 28. Rb4 Bc6 29. Nb3 Bd5 30. Na1 f6 31. Re2 Kf7 32. Nc2 Bf3 33. Rd2 Rc8 34.
Rb2 Bc6 35. Ra2 Ng5 36. Ne1 Ke6 37. Rac2 Kd5 38. f4 Ne4 39. Rd3 Re8 40. Ra2
Nxg3 41. Rxg3 Rxe1+ 42. Kf2 Re7 43. Rh3 g6 44. Re3 Re4 45. Rxe4 Kxe4 46. a5
Kxd4 47. Rc2 Bb5 48. axb6 axb6 49. Rc7 h5 50. Rb7 Kc5 51. Ke3 Be8 52. Re7 Ba4
53. Rg7 Be8 54. Rg8 Bf7 55. Rc8+ Kb5 56. Kd4 Be6 57. Rf8 Bf5 58. Rxf6 h4 59.
Kd5 h3 60. Rd6 Bc2 61. Kd4 Bf5 62. Kc3 Kc5 63. Rd1 Be4 64. Re1 Kd5 65. Kb4 Bd3
66. Re3 Kd4 67. Rxh3 Ke4 68. Rg3 Kd4 69. Rg2 Be4 70. Rg4 Bf5 71. Rh4 Kd5 72.
Kb5 Kd4 73. Kxb6 Kd5 74. Kc7 Ke4 75. Kc6 Kd4 76. Kd6 Ke4 77. Kc5 Be6 78. Kb5
Bf5 79. Kc4 Bd7 80. Kb4 Bf5 81. Kc3 Ke3 82. Kc4 Ke4 83. Kb4 Kd5 84. Ka4 Bc2+
85. Kb5 Bd3+ 86. Ka5 Bf5 87. Kb6 Ke4 88. Ka6 Ke3 89. Kb7 Ke4 90. Kc7 Kd5 91.
Kd8 Ke4 92. Ke8 Kd5 93. Kf7 Ke4 94. Kf6 Kf3 95. Kg5 Ke4 96. Rh6 Be6 97. h4
97... Bb3 {GaryG resigns} 1-0